Online Catalogue and eLibrary

How to write a thesis (Record no. 4562)

MARC details
000 -LEADER
fixed length control field 00706nam a2200157Ia 4500
005 - DATE AND TIME OF LATEST TRANSACTION
control field 20240906061840.0
008 - FIXED-LENGTH DATA ELEMENTS--GENERAL INFORMATION
fixed length control field 240331s9999 xx 000 0 und d
020 ## - INTERNATIONAL STANDARD BOOK NUMBER
ISBN 9555920168
082 ## - DDC Classification
Item Number - Author Mark SRI
Class No. 658.4
100 ## - MAIN ENTRY--PERSONAL NAME
Personal name Sri Lanka Foundation.
245 #0 - TITLE STATEMENT
Title How to write a thesis
260 ## - PUBLICATION, DISTRIBUTION, ETC.
Place of publication, distribution, etc. Colombo
Name of publisher, distributor, etc. Sri Lanka Foundation Institute
Date of publication, distribution, etc. 1997
300 ## - PHYSICAL DESCRIPTION
Extent (e.g. Volumes, Pages etc.) 55 p .,
500 ## - GENERAL NOTE
General note How to write a thesis was the subject of two workshops held in October and November 1996 at the Sri Lanka foundation institute. they were organized as part of a series of workshops on Adult education, which the SLFI conducted during 1996 in pursuance of its mandate to promote adult education and higher level training.
942 ## - Koha item type (Biblio)
Koha item type Books in Stacks (Lending)
Holdings
Lost status Damaged status Collection code Home library Current library Shelving location Date acquired Full call number Accession Number Item type
    Lending WERC Library WERC Library Social Science Cupboard 03/31/2024 658.4 SRI 5674 Books in Stacks (Lending)

© WERC Library